000 00672nam a2200181 a 4500
008 060316s1984 ||||||||||||||||| || u
020 _a0713134682
050 _aTA 460 Hon
100 _aHoneycombe, Robert W. K
245 1 4 _aThe plastic deformation of metals. (2nd ed.)
250 _a2nd ed.
260 _aLondon ;Baltimore, Md., U.S.A. :
_bEdward Arnold
_c1984
300 _axiii, 483 p. : ill.
350 _a0.00
500 _aIncludes bibliographical references
650 _aMETALS - PLASTIC PROPERTIES
995 _D0.00
_FCBU-MAIN LIBRARY (Kitwe)
_H1
_I17.50
_M1
_UAVAILABLE
_ZAnnex Low-Usage Collection
999 _c53779
_d53779